02918 2201213 4500001002100000005001500021035002000036245006700056100002200123250001700145300003400162006001800196007000300214008004100217260003400258082000800292084001400300020002200314650002400336990001600360990001600376990001600392990001600408990001600424990001600440990001600456990001600472990001600488990001600504990001600520990001600536990001600552990001600568990001600584990001600600990001600616990001600632990001600648990001600664990001600680990001600696990001600712990001600728990001600744990001600760990001600776990001600792990001600808990001600824990001600840990001600856990001600872990001600888990001600904990001600920990001600936990001600952990001600968990001600984990001601000990001601016990001601032990001601048990001601064990001601080990001601096990001601112990001601128990001601144990001601160990001601176990001601192990001601208990001601224990001601240990001601256990001601272990001601288990001601304990001601320990001601336990001601352990001601368990001601384990001601400990001601416990001601432990001601448990001601464990001601480990001601496990001601512990001601528990001601544990001601560990001601576990001601592990001601608990001601624990001601640990001601656990001601672990001601688INLIS00000000000045620240702081440 a0010-07240000111 aFikih 5 untuk Kelas V Madrasah Ibtidaiyah /cMuh. Rosyid Ridho0 aMuh. Rosyid Ridho acetakan ke-1 axvi, 160 hlm :bilus ;c25 cma ta240702 0  aSolo :bTiga Serangkai,c2020 a2X4 a2X4 MUH f a978-602-320-979-8 4aBuku Teks Pelajaran a00000001042 a00000001043 a00000001044 a00000001045 a00000001046 a00000001047 a00000001048 a00000001049 a00000001050 a00000001051 a00000001052 a00000001053 a00000001054 a00000001055 a00000001056 a00000001057 a00000001058 a00000001059 a00000001060 a00000001061 a00000001062 a00000001063 a00000001064 a00000001065 a00000001066 a00000001067 a00000001068 a00000001069 a00000001070 a00000001071 a00000001072 a00000001073 a00000001074 a00000001075 a00000001076 a00000001077 a00000001078 a00000001079 a00000001080 a00000001081 a00000001082 a00000001083 a00000001084 a00000001085 a00000001086 a00000001087 a00000001088 a00000001089 a00000001090 a00000001091 a00000001092 a00000001093 a00000001094 a00000001095 a00000001096 a00000001097 a00000001098 a00000001099 a00000001100 a00000001101 a00000001102 a00000001103 a00000001104 a00000001105 a00000001106 a00000001107 a00000001108 a00000001109 a00000001110 a00000001111 a00000001112 a00000001113 a00000001114 a00000001115 a00000001116 a00000001117 a00000001118 a00000001119 a00000001120 a00000001121 a00000001122 a00000001123 a00000001124 a00000001125